| 000 | 00891cam a22002775a 4500 | ||
|---|---|---|---|
| 001 | 017165036 | ||
| 003 | OSt | ||
| 005 | 20161127133542.0 | ||
| 008 | 150413t2016 enka frb 001 0 eng d | ||
| 020 | _a9781292059358 | ||
| 020 | _a1292059354 | ||
| 040 |
_aStDuBDS _beng _cStDuBDS _dEG-ScBUE _dEG-ScBUE |
||
| 082 | 0 | 4 |
_a346.7307 _222 _bCHE |
| 100 | 1 |
_940554 _aCheeseman, Henry R. |
|
| 245 | 1 | 0 |
_aContemporary business law / _cHenry R. Cheeseman. |
| 250 | _a8th ed., Global ed. | ||
| 260 |
_aHarlow : _bPearson Education Limited, _cc.2016. |
||
| 300 |
_a841 p. : _bill. ; _c28 cm. |
||
| 500 | _aIncludes indexes. | ||
| 504 | _aIncludes bibliographical references. | ||
| 650 | 7 |
_aCommercial law _zUnited States. _2BUEsh _937192 |
|
| 650 | 0 |
_aElectronic commerce _xLaw and legislation _zUnited States. _2BUEsh |
|
| 651 | _2BUEsh | ||
| 653 |
_bLLAAWW _cJuly2016 _cNovember2016 |
||
| 942 | _2ddc | ||
| 999 |
_c22078 _d22050 |
||